000 01995cam a22005054i 4500
003 PE-LiUPU
005 20250731173553.0
008 150616s r 000 0 d
020 _a0800626265
_qVolumen1
020 _a9780800699185
_qVolume3
035 _a(Sirsi) i9780800626266
040 _aPE-LiUPU
_bspa
_cPE-LiUPU
_erda
049 _aPRUA
082 0 4 _a225.066
_bB16
_221
100 1 _aBaird, William,
_eautor.
245 1 0 _aHistory of New Testament Research /
_cWilliam Baird.
264 1 _aMinneapolis :
_bFortress Press,
_c1992.
300 _a450 páginas ;
_c24 centímetros
336 _atext
_2rdacontent
337 _aunmediated
_2rdamedia
338 _avolume
_2rdacarrier
505 0 _aVolumen 1.
_aEarly developments in new testament research.- New testament research in an Era of Philosophical ferment.
505 0 _aVolumen 3.
_aThe renaissance of new testament criticism -- The revisiting of critical problems -- Theological and synthesizing movements.
526 _aSEG42
526 _aSEG41
526 _aSEG40
526 _aSEG39
526 _aP94
526 _aP87
526 _aP86
526 _aP85
526 _aP77
526 _aP76
526 _aP35
630 _aBiblia.
_pN.T.
_xCrítica, interpretación, etc.
910 _ajck
_bjvq
_cjck
942 _2ddc
_cBOOK
949 _a225.066 B16
_wDEWEY
_c1
_i43291
_lCCODEBUL1
_mBUL
_r0
_sY
_tBOOK
_u2015-6-16
_xTEOLOGIA
_zUNKNOWN
_0COMPRA
_o.STAFF. Colección General
994 _aC0
_bPEPRU
596 _a1
999 _a225.066 B16
_wDEWEY
_c61257
_i43291
_f2021-11-9
_g3
_lCCODEBUL1
_mBUL
_r1
_sY
_tBOOK
_u2015-6-16
_xTEOLOGIA
_zUNKNOWN
_0COMPRA
_o.STAFF. Colección General
_d61257
999 _a225.066 B16 3
_wDEWEY
_c1
_i77572
_d2019-4-10
_f2021-11-9
_g4
_lCCODEBUL1
_mBUL
_p54.71
_q1
_r0
_sY
_tBOOK
_u2017-12-18
_xTEOLOGIA
_PP35
_0COMPRA
_o.STAFF. Colección Teología.
980 _81
_gALBERTO SANCHEZ Responsable de Automatización